00456nmm a2200133Ia 4500008004100000020001500041041000800056100002400064245008000088264006400168300001800232650002300250856004900273251105s9999||||xx |||||||||||||||||und|| a1882528387 aeng aMoss Jackson, Edith 0aMyth And Meaning: A Paradigmatic Analysis Of Galdós's Fortunata y Jacinta a[Washington, Estados Unidos] :bScripta Humanistica, c2002 a200 páginas aSpanish literature uhttps://public.digitaliapublishing.com/a/243